| 000 | 00430nam a2200157Ia 4500 | ||
|---|---|---|---|
| 005 | 20250320062545.0 | ||
| 008 | 240331s9999 xx 000 0 und d | ||
| 082 |
_a302 _bSPE _2554 |
||
| 100 | _aSpear, P | ||
| 245 | 4 |
_aThe Nabobs: _bA Study of the Social Life of the English in Eighteenth Century India |
|
| 260 |
_aCalcutta, _bRupa Co. _c1991 |
||
| 300 | _axxi, 213 p., | ||
| 650 | _aSettlements | ||
| 650 | _aSociety | ||
| 942 | _cL | ||
| 999 |
_c1080 _d1080 |
||